European Teams With No World Cup Appearances - Statistics

General Stats
  • This quiz has been taken 297 times
  • The average score is 17 of 22
Answer Stats
No. of attempts Country % Correct
7 San Marino
93%
5 Andorra
88%
9 Estonia
88%
8 Latvia
88%
6 Liechtenstein
87%
20 Luxembourg
87%
19 Finland
86%
9 Lithuania
86%
1 Kosovo
84%
12 Malta
84%
12 Albania
80%
6 Belarus
80%
3 Montenegro
80%
6 Moldova
75%
15 Cyprus
73%
6 Macedonia
72%
6 Georgia
71%
6 Armenia
70%
6 Azerbaijan
69%
1 Gibraltar
62%
6 Kazakhstan
62%
7 Faroe Islands
53%
No matching quizzes found
Score Distribution
Percent of People with Each Score
Percentile by Number Answered
Your Score History
You have not taken this quiz